000 00673nam a2200229Ia 4500
003 OSt
005 20221005124049.0
006 a|||||r|||| 00| 0
007 ta
008 221004b |||||||| |||| 00| 0 per d
024 _a16453
037 _cTextual
040 _aCRL
_cCRL
_bper
041 _2per
_aper
082 _aO164,1G07,1:g, A77.1-.2
100 _aBehr-al Uloom Abdul Ali Mohammad Au.
_9634643
245 0 _aMasnavi Maulvi Room Ma-Sharah Hasrat Behr-al Uloom
260 _c1877
650 _aPERSIAN POETRY
942 _hO164,1G07,1:g, A77.1-.2
_cTEXL
_2cc
999 _c1049353
_d1049353